Catalog

Record Details

Catalog Search



¿Qué hay en el cielo, querido dragón? =What's in the sky, dear dragon?  Cover Image Book Book

¿Qué hay en el cielo, querido dragón? =What's in the sky, dear dragon? / por/by Margaret Hillert ; ilustrado por/illustrated by David Schimmell ; traducido por Queta Fernandez.

Hillert, Margaret. : (author). Schimmell, David,: (illustrator.). Fernández, Queta,: (translator.). Hillert, Margaret. What's in the sky, dear dragon? (Added Author). Hillert, Margaret. What's in the sky, dear dragon? Spanish. (Added Author).

Summary:

"A boy and his pet dragon look at both the day and night skies. They learn about the sun, moon, animals, and airplanes that move through the sky.

Record details

  • ISBN: 9781599536101
  • ISBN: 1599536102
  • ISBN: 9781603576109
  • ISBN: 160357610X
  • Physical Description: 32 pages : color illustrations ; 21 cm.
  • Edition: Library edition.
  • Publisher: Chicago, Illinois : Norwood House Press, ©2014.

Content descriptions

Language Note:
Parallel text in Spanish and English.
Subject: Sky > Juvenile fiction.
Dragons > Juvenile fiction.
Sun
Moon
Stars
Animals
Airplanes
Genre: Children's stories.
Spanish language materials > JuveMoonnile fiction > Bilingual.
Juvenile works.
Readers (Publications)

Available copies

  • 1 of 1 copy available at scottsboropl.

Holds

  • 0 current holds with 1 total copy.
Show Only Available Copies
Location Call Number / Copy Notes Barcode Shelving Location Status Due Date
scottsboropl BR Hil 32269001207508 Juvenile - Beginning Reader Available -

LDR 02233nam a2200517 i 4500
001146236
003SBPL
00520180322120710.0
008130830s2014 ilua b 000 1 spa
010 . ‡a 2013034966
020 . ‡a9781599536101 ‡q(hardcover)
020 . ‡a1599536102 ‡q(hardcover)
020 . ‡a9781603576109
020 . ‡a160357610X
035 . ‡a(CONS)146236
035 . ‡a(CPomAG)LMN604969
05000. ‡aPZ73 ‡b.H5572072 2014
08200. ‡a[E] ‡223
1001 . ‡aHillert, Margaret. : ‡eauthor
24510. ‡a¿Qué hay en el cielo, querido dragón? =What's in the sky, dear dragon? / ‡cpor/by Margaret Hillert ; ilustrado por/illustrated by David Schimmell ; traducido por Queta Fernandez.
24631. ‡aWhat's in the sky, dear dragon?
2460 . ‡aDear dragon
250 . ‡aLibrary edition.
264 1. ‡aChicago, Illinois : ‡bNorwood House Press, ‡c©2014.
300 . ‡a32 pages : ‡bcolor illustrations ; ‡c21 cm.
336 . ‡atext ‡btxt ‡2rdacontent
336 . ‡astill image ‡bsti ‡2rdacontent
337 . ‡aunmediated ‡bn ‡2rdamedia
338 . ‡avolume ‡bnc ‡2rdacarrier
4901 . ‡aBeginning-to-read. Dear dragon = ‡aQuerido dragón
520 . ‡a"A boy and his pet dragon look at both the day and night skies. They learn about the sun, moon, animals, and airplanes that move through the sky.
546 . ‡aParallel text in Spanish and English.
650 0. ‡aSky ‡vJuvenile fiction.
650 0. ‡aDragons ‡vJuvenile fiction.
650 0. ‡aSun
650 0. ‡aMoon
650 0. ‡aStars
650 0. ‡aAnimals
650 0. ‡aAirplanes
655 7. ‡aChildren's stories.
655 7. ‡aSpanish language materials ‡vJuveMoonnile fiction ‡xBilingual.
655 7. ‡aJuvenile works.
655 7. ‡aReaders (Publications) ‡2lcgft
7001 . ‡aSchimmell, David,: ‡eillustrator.
7001 . ‡aFernández, Queta,: ‡etranslator.
70012. ‡aHillert, Margaret. ‡tWhat's in the sky, dear dragon?
70012. ‡aHillert, Margaret. ‡tWhat's in the sky, dear dragon? ‡lSpanish.
901 . ‡a146236 ‡bUnknown ‡c146236 ‡tbiblio

Additional Resources